Cartas : Regis Debray a Roberto Fernández Retamar /
Gardado en:
| Autor Principal: | |
|---|---|
| Formato: | Desconocido |
| Idioma: | Spanish |
| Materias: | |
| Etiquetas: |
Engadir etiqueta
Sen Etiquetas, Sexa o primeiro en etiquetar este rexistro!
|
MARC
| LEADER | 000000000a22000000004500 | ||
|---|---|---|---|
| 001 | 002228 | ||
| 041 | 0 | |a spa | |
| 100 | 1 | |a Debray, Regis, |d 1941- | |
| 245 | 1 | 0 | |a Cartas : |b Regis Debray a Roberto Fernández Retamar / |c Regis Debray. |
| 310 | |a trimestral | ||
| 650 | 4 | |a DEBRAY, REGIS, 1941- | |
| 650 | 4 | |a FERNANDEZ RETAMAR, ROBERTO, 1930- | |
| 650 | 4 | |a CHE GUEVARA, ERNESTO, 1928-1967 | |
| 650 | 4 | |a CUBA | |
| 650 | 4 | |a PARTIDO COMUNISTA | |
| 650 | 4 | |a REVOLUCION | |
| 650 | 4 | |a ANTIAMERICANISMO | |
| 773 | 0 | |x 008-7157 |d Cuba : Editorial Casa de las Américas |t Casa de las Américas |g número 51-52 (1968-1969), páginas 208-216 | |
| 942 | |c ARC | ||
| 999 | |c 9778 |d 9778 | ||
